Tennis masculin - Finales des Masters - Statistiques

Statistiques générales
  • Ce quiz a été pris 4 005 fois
    520 depuis la dernière actualisation
  • Le résultat moyen est 25 sur 48
Statistiques - réponses
Nombre de finales jouées Finaliste % Correct
1 Carlos Alcaraz
99%
3 Jannik Sinner
99%
9 Novak Djokovic
98%
2 Rafael Nadal
98%
10 Roger Federer
98%
2 Alexander Zverev
89%
2 Daniil Medvedev
87%
1 Andy Murray
84%
4 Andre Agassi
76%
2 Dominic Thiem
76%
1 Stéfanos Tsitsipás
75%
6 Pete Sampras
74%
4 Björn Borg
72%
1 Casper Ruud
67%
1 Taylor Fritz
67%
4 John McEnroe
66%
1 David Ferrer
63%
1 Jo-Wilfried Tsonga
60%
1 Juan Martín del Potro
58%
9 Ivan Lendl
57%
1 Grigor Dimitrov
54%
8 Boris Becker
52%
3 Lleyton Hewitt
51%
2 Stefan Edberg
48%
1 Jimmy Connors
46%
1 Mats Wilander
46%
1 Rod Laver
45%
1 Gustavo Kuerten
43%
1 Juan Carlos Ferrero
40%
1 David Goffin
39%
2 Jim Courier
38%
1 Michael Chang
38%
1 David Nalbandian
37%
5 Ilie Năstase
37%
1 Carlos Moyà
35%
2 Nikolay Davydenko
33%
1 Arthur Ashe
31%
1 Guillermo Vilas
27%
1 Ievgueni Kafelnikov
27%
3 Stan Smith
23%
1 Sébastien Grosjean
19%
1 James Blake
18%
1 Michael Stich
18%
1 Àlex Corretja
17%
2 Vitas Gerulaitis
16%
1 Manuel Orantes
13%
1 Tom Okker
6%
1 Wojtek Fibak
4%
Aucun quiz correspondant
Distribution des résultats
% des personnes avec chaque résultat
Percentile par nombre de réponses
Votre historique - résultats
Vous n’avez pas pris ce quiz depuis la dernière actualisation